00325nam a2200121Ia 4500008004100000041000800041082001600049100001900065245003900084260003900123300003200162365000900194240624s9999 xx 000 0 und d aeng a530.092 FER aFERGUSON KITTY aSTEPHEN HAWKING AN UNFETTERED MIND c2012aNew YorkbPalgrave Macmillan aviii, : 310 : p. : cm. ; 24 cb30